US states mirrored with map - Statistics

General Stats
  • This quiz has been taken 34 times
  • The average score is 41 of 50
Answers on the Map
Answers color-coded by a green-red scale on the quiz's map according to % correct below.
 
Answer Stats
Answer % Correct
South Dakota
96%
Washington
96%
Nevada
93%
Alaska
89%
California
89%
Florida
89%
Georgia
89%
Hawaii
89%
Illinois
89%
Louisiana
89%
Michigan
89%
Minnesota
89%
Montana
89%
North Dakota
89%
Oregon
89%
South Carolina
89%
Alabama
85%
Arizona
85%
Maine
85%
Massachusetts
85%
Missouri
85%
North Carolina
85%
Oklahoma
85%
Pennsylvania
85%
Texas
85%
Virginia
85%
Arkansas
81%
Idaho
81%
Indiana
81%
Mississippi
81%
New Mexico
81%
Ohio
81%
Tennessee
81%
Utah
81%
Vermont
81%
Wisconsin
81%
Iowa
78%
Kentucky
78%
Nebraska
78%
New Jersey
78%
New York
78%
Rhode Island
78%
Colorado
74%
Kansas
74%
West Virginia
74%
Wyoming
74%
Connecticut
70%
Maryland
70%
New Hampshire
67%
Delaware
63%
No matching quizzes found
Score Distribution
Percent of People with Each Score
Percentile by Number Answered
Your Score History
You have not taken this quiz